000 00372nam a2200133Ia 4500
005 20260328104313.0
008 260328s9999||||xx |||||||||||||| ||und||
100 _aHyslop, Stephen
245 0 _aWhat Life was Like when Rome ruled the World :
_b the Roman Empire 100 BC-AD 200 /
_cStephen Hyslop
260 _bTime Life
300 _a167 p.
650 _aROMA
942 _cBK
999 _c11044
_d11044